| 000 | 01139nam a22003617a 4500 | ||
|---|---|---|---|
| 001 | 0074 | ||
| 003 | DO-SdBNP | ||
| 005 | 20180117131740.0 | ||
| 007 | 0074 | ||
| 008 | 151029b 1993 sp |||| |||| 00| 0 spa d | ||
| 020 | _a8420749184 | ||
| 040 |
_aBPMSU _bspa _cBPMSU |
||
| 041 | 1 | 7 |
_aspa _h |
| 082 |
_a853.8 _bS164c |
||
| 092 |
_a _b |
||
| 100 | 1 | 0 |
_4Salgari, Emilio, _d1862-1911 |
| 240 |
_aIl corsaro nero _lEspañol |
||
| 245 | 1 | 3 |
_aEl corsario negro / _cEmilio Salgari ; traducción José Luis Aja ; ilustración Giuseppe Gamba |
| 260 |
_aMadrid, España : _bEditorial Anaya, _c1993. |
||
| 300 |
_a318 p. : _bil., _c21 cm. |
||
| 490 | 1 | 0 |
_aTus libros _aAventuras : |
| 500 | _aIncluye notas y referencias bibliográficas al pie de las páginas | ||
| 504 | _aBibliografías : p. 311-318 | ||
| 650 | _aNOVELA JUVENIL ITALIANA | ||
| 650 | _aLITERATURA JUVENIL ITALIANA | ||
| 700 | 1 | 0 |
_aAja, José Luis, _etr. |
| 700 | 1 | 0 |
_aGamba, Giuseppe, _eil. |
| 830 |
_aTus libros _pAventuras : |
||
| 942 |
_2ddc _cBK |
||
| 945 | _ainventariado, 2018 / dg | ||
| 956 | _aBrenda Tavárez | ||
| 956 |
_aVMATEO _b10 _c20161121 _dBPMSU _f0069 |
||
| 999 |
_c8499 _d8499 |
||